000 00602nam a2200181 a 4500
001 000037069
005 20200930080124.0
008 120209s1981 ag 000 0 spa d
040 _aDO-SdBNP
_bspa
_cBNPHU
082 _axxxxxx
_bxxxxxx
100 1 _aJ. Farley, Philip
_963484
245 1 0 _aArmas a través del océano /
_cPhilip J. Farley, Stephen S. y William H. Lewis ; traductor Luis F. Coco.
260 _aArgentina, :
_bEdiciones tres tiempos,
_c1981.
300 _a169 p. ;
_c20 cm.
700 1 _aS., Stephen
_963485
700 1 _aH. Lewis, William
_963486
700 1 _aCoco, Luis F.,
_etr.
_911592
999 _c36559
_d36559